<?xml version="1.0" encoding="UTF-8"?>
<record
    xmlns:xsi="http://www.w3.org/2001/XMLSchema-instance"
    xsi:schemaLocation="http://www.loc.gov/MARC21/slim http://www.loc.gov/standards/marcxml/schema/MARC21slim.xsd"
    xmlns="http://www.loc.gov/MARC21/slim">

  <leader>00913cam a22002891  4500</leader>
  <controlfield tag="001">ne 65002631 </controlfield>
  <controlfield tag="003">DLC</controlfield>
  <controlfield tag="005">20260227111819.0</controlfield>
  <controlfield tag="008">890804m19581963xx            000 0 ara  </controlfield>
  <datafield tag="010" ind1=" " ind2=" ">
    <subfield code="a">ne 65002631 </subfield>
  </datafield>
  <datafield tag="035" ind1=" " ind2=" ">
    <subfield code="a">(OCoLC)23519360</subfield>
  </datafield>
  <datafield tag="040" ind1=" " ind2=" ">
    <subfield code="a">DLC</subfield>
    <subfield code="c">MiU</subfield>
    <subfield code="d">DLC</subfield>
  </datafield>
  <datafield tag="050" ind1="0" ind2="0">
    <subfield code="a">Z3366</subfield>
    <subfield code="b">.M8</subfield>
  </datafield>
  <datafield tag="100" ind1="1" ind2=" ">
    <subfield code="a">Mush&#x101;r, Kh&#x101;nb&#x101;b&#x101;,</subfield>
    <subfield code="d">1900 or 1901-</subfield>
  </datafield>
  <datafield tag="245" ind1="1" ind2="0">
    <subfield code="a">Fihrist-i kit&#x101;bh&#x101;-yi ch&#x101;p&#x12B;-i F&#x101;rs&#x12B;.</subfield>
  </datafield>
  <datafield tag="260" ind1=" " ind2=" ">
    <subfield code="c">[1958-63]</subfield>
  </datafield>
  <datafield tag="300" ind1=" " ind2=" ">
    <subfield code="a">2 v.</subfield>
    <subfield code="c">25 cm.</subfield>
  </datafield>
  <datafield tag="490" ind1="1" ind2=" ">
    <subfield code="a">#</subfield>
    <subfield code="v">96</subfield>
  </datafield>
  <datafield tag="490" ind1="1" ind2=" ">
    <subfield code="a">#</subfield>
    <subfield code="v">157 56</subfield>
  </datafield>
  <datafield tag="500" ind1=" " ind2=" ">
    <subfield code="a">Added t.p.: A bibliography of books printed in Persian, compiled by Kh&#x101;n B&#x101;b&#x101; Mosh&#x101;r.</subfield>
  </datafield>
  <datafield tag="505" ind1="1" ind2=" ">
    <subfield code="a">#</subfield>
  </datafield>
  <datafield tag="650" ind1=" " ind2="0">
    <subfield code="a">Persian literature</subfield>
    <subfield code="x">Bibliography</subfield>
  </datafield>
  <datafield tag="651" ind1=" " ind2="0">
    <subfield code="a">Iran</subfield>
    <subfield code="x">Imprints.</subfield>
  </datafield>
  <datafield tag="740" ind1="0" ind2=" ">
    <subfield code="a">Bibliography of books printed in Persian.</subfield>
  </datafield>
  <datafield tag="830" ind1=" " ind2="0">
    <subfield code="a">Majm&#x16B;&#x2BB;ah-&#x2BC;i &#x12A;r&#x101;n&#x2B9;shin&#x101;s&#x12B;.</subfield>
    <subfield code="v">9 [etc.]</subfield>
  </datafield>
  <datafield tag="830" ind1=" " ind2="0">
    <subfield code="a">Intish&#x101;r&#x101;t-i Bung&#x101;h-i Tarjamah va Nashr-i Kit&#x101;b.</subfield>
    <subfield code="v">56 [etc.]</subfield>
  </datafield>
  <datafield tag="999" ind1=" " ind2=" ">
    <subfield code="c">48590</subfield>
    <subfield code="d">48590</subfield>
  </datafield>
</record>
